000 00318nam a22001217a 4500
020 _aNA
082 _222
_a294.35
100 _aC. T. Dorji.
245 _aZamling Gyendug Chhognyi :
_ba compendium of eight buddhist masters /
260 _aDelhi,
_bProminent Publishers,
_cc2002.
300 _a0
_bill. ;
942 _2ddc
_cGEN
999 _c4177
_d4177